<?xml version="1.0" encoding="UTF-8"?>
<marc:record xmlns:marc="http://www.loc.gov/MARC21/slim">
   <marc:leader>00000nam a2200000 a 4500</marc:leader>
   <marc:datafield ind1="1" ind2=" " tag="100">
      <marc:subfield code="a">Pauli, Herta</marc:subfield>
      <marc:subfield code="4">aut</marc:subfield>
      <marc:subfield code="e">Verfasser/-in</marc:subfield>
   </marc:datafield>
   <marc:datafield ind1=" " ind2=" " tag="653">
      <marc:subfield code="a">Erinnerungen</marc:subfield>
   </marc:datafield>
   <marc:datafield ind1="0" ind2="0" tag="245">
      <marc:subfield code="a">Der Riss der Zeit geht durch mein Herz</marc:subfield>
   </marc:datafield>
   <marc:datafield ind1=" " ind2="1" tag="264">
      <marc:subfield code="a">Darmstadt</marc:subfield>
      <marc:subfield code="b">Zsolnay</marc:subfield>
      <marc:subfield code="c">2022</marc:subfield>
   </marc:datafield>
   <marc:datafield ind1="1" ind2=" " tag="520">
      <marc:subfield code="a">Erinnerungen der Autorin und Schauspielerin Hertha Pauli von ihrer Flucht nach dem „Anschluss“ Österreichs. „Was für eine couragierte Frau!“ Karl-Markus Gauß&lt;br/&gt;&lt;br/&gt;„Der Riss der Zeit geht durch mein Herz“ ist ein Heinrich-Heine-Zitat, das Hertha Pauli auf ihren Fluchtwegen über Zürich, Paris, Marseille, Lissabon bis in die USA begleitet hat. Sie ist diese Wege nicht alleine gegangen, sondern mit Freunden, deren Namen heute wie das Who‘s who der deutschsprachigen Emigration klingen: Joseph Roth, Walter Mehring, Franz und Alma Werfel und vor allem Ödön von Horváth, dem sie eines der schönsten Kapitel dieses wunderbaren und lange vergessenen Erinnerungsbuches widmet. In den späten Jahren pendelte Hertha Pauli regelmäßig zwischen ihrer neuen Heimat New York und ihrer Geburtsstadt. Zu einer Zeugin der Zeit war sie geworden, einer Zeit, von der zu berichten heute die europäische Kultur, ja unser ganzes Leben prägt.</marc:subfield>
   </marc:datafield>
   <marc:datafield ind1=" " ind2=" " tag="020">
      <marc:subfield code="a">9783552073081</marc:subfield>
      <marc:subfield code="9">9783552073081</marc:subfield>
   </marc:datafield>
   <marc:datafield ind1=" " ind2=" " tag="041">
      <marc:subfield code="a">ger</marc:subfield>
   </marc:datafield>
   <marc:datafield ind1="1" ind2=" " tag="521">
      <marc:subfield code="a">0</marc:subfield>
   </marc:datafield>
   <marc:datafield ind1=" " ind2=" " tag="300">
      <marc:subfield code="a">247 S.</marc:subfield>
   </marc:datafield>
</marc:record>
